00301nam a2200109Ia 4500008004100000050001500041100001900056245003900075260004000114300002400154650001300178150202s9999 xx 000 0 und d aFIC bFIC  aHampson, Anne. aLeaf in the storm /cAnne Hampson. aNew York :bHarlequin Books,c1978. a187 pages :c18 cm. aFiction.